000 00367nam a2200133 a 4500
001 000034845
005 20200930073935.0
008 111020s1968 sp 000 0 spa d
040 _aDO-SdBNP
_bspa
_cBNPHU
100 1 _aVerdejo, Carmiña
_960373
245 1 0 _aCarlos V /
_cCarmiña Verdejo.
260 _aBarcelona :
_bRamón Sopena,
_c1968.
300 _a167 p. ;
_c19 cm.
999 _c34336
_d34336